MARC

LEADER 00000nam0a2200000 4500
001 32388
005 20231030204846.0
010 |a 5247024133 
035 |a (RuTPU)RU\TPU\book\32685 
035 |a BOOK00000035 
090 |a 32388 
100 |a 20011210d1993 u y0rusy50 ca 
101 0 |a rus 
102 |a RU 
105 |a a f 000|y 
200 1 |a Фотограмметрия  |e учебник  |f М. И. Фельдман, А. А. Фостиков 
210 |a Москва  |c Недра  |d 1993 
215 |a 510 с.  |c ил. 
225 1 |a Среднетехническое образование 
320 |a Библиогр.: с. 501. 
610 1 |a топография 
610 1 |a фотограмметрия 
610 1 |a теория 
610 1 |a применение 
610 1 |a аэрофотосъемка 
610 1 |a карты 
610 1 |a учебные пособия 
675 |a 528.711.11(075)  |v 3 
700 1 |a Фельдман  |g Моисей Иосифович 
701 1 |a Фостиков  |g Анатолий Алексеевич 
801 0 |a RU  |b 63413507  |c 20011210  |g PSBO 
801 2 |a RU  |b 63413507  |c 20170112  |g RCR 
900 |a Фотограмметрия и дистанционное зондирование территории 
942 |c BK